000 00557nam a2200229Ia 4500
003 0100
008 130303s9999 xx 000 0 und d
020 _a0136007597
040 _cARRUPELIB
050 _aBJ1012.G68 1992 c.1
100 _aGrassian, Victor
245 _aMoral reasoning
245 _bethical theory and some contemporary moral problems
250 _a2nd ed.
260 _aEnglewood cliffs, New Jersey
260 _bPrentice-Hall
260 _C1992
300 _a417p.
300 _b 23 cm.
650 _aETHICS
942 0 0 _08
999 _c19666
_d19666